| Tag |
First Indicator |
Second Indicator |
Subfields |
| LEADER |
00000cam a2200000 a 4500 |
| 001 |
in00000007967 |
| 005 |
20151002070106.0 |
| 008 |
870204s1987 nyuab b 00110aeng |
| 010 |
|
|
|a 87001718
|
| 020 |
|
|
|a 068806910X
|
| 035 |
|
|
|a (OCoLC)15223648
|
| 035 |
|
|
|9 AAA0311AM
|
| 040 |
|
|
|a DLC
|c DLC
|d UtOrBLW
|
| 043 |
|
|
|a n-us---
|
| 050 |
0 |
0 |
|a QC774.N45
|b A3 1987
|
| 082 |
0 |
|
|a 355/.0217/0913
|2 19
|
| 100 |
1 |
|
|a Nichols, Kenneth D.
|q (Kenneth David),
|d 1907-
|
| 245 |
1 |
4 |
|a The road to Trinity /
|c K.D. Nichols.
|
| 250 |
|
|
|a 1st ed.
|
| 264 |
|
1 |
|a New York :
|b Morrow,
|c [1987]
|
| 264 |
|
4 |
|c ©1987
|
| 300 |
|
|
|a 401 pages :
|b illustrations, maps ;
|c 25 cm.
|
| 336 |
|
|
|a text
|b txt
|2 rdacontent
|
| 337 |
|
|
|a unmediated
|b n
|2 rdamedia
|
| 338 |
|
|
|a volume
|b nc
|2 rdacarrier
|
| 504 |
|
|
|a Bibliography: pages 385-387.
|
| 500 |
|
|
|a Includes index.
|
| 600 |
1 |
0 |
|a Nichols, Kenneth D.
|q (Kenneth David),
|d 1907-
|
| 610 |
1 |
0 |
|a United States.
|b Army.
|b Corps of Engineers.
|b Manhattan District
|x History.
|
| 650 |
|
0 |
|a Atomic bomb
|z United States
|x History.
|
| 650 |
|
0 |
|a Physicists
|z United States
|v Biography.
|
| 999 |
|
|
|a MARS
|
| 999 |
f |
f |
|s b8cdd5c7-8c4a-3183-8b4b-e7b42d9acaae
|i d2322f0f-0541-3559-8157-c10810cbf237
|t 0
|
| 952 |
f |
f |
|p normal
|a Texas A&M University
|b College Station
|c Sterling C. Evans Library
|d Evans: Library Stacks
|t 0
|e QC774.N45 A3 1987
|h Library of Congress classification
|i unmediated -- volume
|m A14812627831
|
| 998 |
f |
f |
|a QC774.N45 A3 1987
|t 0
|l Evans: Library Stacks
|